Las tortugas y los cocodrilianos de los paises andinos del trópico / (Registro nro. 6106)
[ vista simple ]
| 000 -CABECERA | |
|---|---|
| Campo de control | 01537nam a2200373 i 4500 |
| 005 - FECHA Y HORA DE LA ULTIMA TRANSACCION | |
| Campo de control | 20161128092210.0 |
| 008 - ELEMENTOS DE LONGITUD FIJA—INFORMACION GENERAL | |
| Campo de control | 160105s2007 ck ab |r|||| 00| 0 spa d |
| 020 ## - ISBN | |
| ISBN | 978193451105 |
| 040 ## - FUENTE DE CATALOGACIÓN | |
| Agencia catalogadora original | CO-BoIAVH |
| Agencia transcriptora | CO-BoIAVH |
| 041 0# - IDIOMA | |
| Código de idioma para texto/pista de sonido o título separado | Español |
| 044 ## - PAÍS DE PUBLICACIÓN | |
| País de publicación | Colombia |
| 082 04 - NUMERO DE CLASIFICACION DECIMAL DEWEY | |
| Número de clasificación | 597.98 |
| Número del ítem | R91t |
| 100 1# - ASIENTO PRINCIPAL--NOMBRE PERSONAL | |
| Nombre personal | Rueda Almonacid, José Vicente |
| 9 (RLIN) | 689 |
| 245 14 - MENCION DE TITULO | |
| Título | Las tortugas y los cocodrilianos de los paises andinos del trópico / |
| Mención de responsabilidad | José Vicente Rueda-Almonacid y (otros 9 autores) ; ilustraciones: Stephen Nash, César Landazábal Mendoza y Marco Antonio Rada. |
| 260 ## - PUBLICACION, DISTRIBUCION, ETC. (PIE DE IMPRENTA) | |
| Lugar de publicación, distribución, etc. | Bogotá : |
| Nombre del editor, distribuidor, etc. | Conservación Internacional, |
| Fecha de publicación, distribución, etc. | c2007. |
| 300 ## - DESCRIPCION FISICA | |
| Extensión | 537 páginas : |
| Otros detalles físicos | ilustraciones y mapas a color ; |
| Dimensiones | 19 x 13 cm. |
| 490 00 - MENCION DE SERIE | |
| Mención de serie | Serie guías tropicales de campo |
| Designación numérica/secuencial del volumen | 6 |
| 504 ## - NOTA DE BIBLIOGRAFIA, ETC. | |
| Nota de bibliografía | Incluye referencias bibliográficas. |
| 650 14 - ASIENTO SECUNDARIO DE MATERIA - TERMINO TEMATICO | |
| Término temático o nombre geográfico como elemento de entrada | Tortugas |
| Subdivisión geográfica | Sur América |
| 9 (RLIN) | 57143 |
| 650 24 - ASIENTO SECUNDARIO DE MATERIA - TERMINO TEMATICO | |
| Término temático o nombre geográfico como elemento de entrada | Cocodrilos |
| Subdivisión geográfica | Sur América |
| 9 (RLIN) | 57144 |
| 651 26 - ASIENTO SECUNDARIO DE MATERIA - NOMBRE GEOGRAFICO | |
| Nombre geográfico | Reptiles |
| Subdivisión general | Zoología |
| 9 (RLIN) | 57145 |
| 651 24 - ASIENTO SECUNDARIO DE MATERIA - NOMBRE GEOGRAFICO | |
| Nombre geográfico | Zoología |
| Subdivisión general | Conservación de especies |
| 9 (RLIN) | 57146 |
| 700 1# - ASIENTO SECUNDARIO - NOMBRE PERSONAL | |
| Nombre personal | Carr, John L. |
| Término de relación | autor |
| 9 (RLIN) | 46569 |
| 700 1# - ASIENTO SECUNDARIO - NOMBRE PERSONAL | |
| Nombre personal | Mittermeier, Russell A. |
| Término de relación | autor |
| 9 (RLIN) | 6443 |
| 700 1# - ASIENTO SECUNDARIO - NOMBRE PERSONAL | |
| Nombre personal | Rodríguez Mahecha, José Vicente |
| Término de relación | autor |
| 9 (RLIN) | 4290 |
| 700 1# - ASIENTO SECUNDARIO - NOMBRE PERSONAL | |
| Nombre personal | Mast, Roderic B. |
| Término de relación | autor |
| 9 (RLIN) | 6447 |
| 700 1# - ASIENTO SECUNDARIO - NOMBRE PERSONAL | |
| Nombre personal | Vogt, Richard C. |
| Término de relación | autor |
| 9 (RLIN) | 46570 |
| 700 1# - ASIENTO SECUNDARIO - NOMBRE PERSONAL | |
| Nombre personal | Rhodin, Anders G. J. |
| Término de relación | autor |
| 9 (RLIN) | 46571 |
| 700 1# - ASIENTO SECUNDARIO - NOMBRE PERSONAL | |
| Nombre personal | Ossa Velásquez, Jaime de la |
| Término de relación | autor |
| 9 (RLIN) | 46572 |
| 700 1# - ASIENTO SECUNDARIO - NOMBRE PERSONAL | |
| Nombre personal | Goettsch Mittermeier, Cristina |
| Término de relación | autor |
| 9 (RLIN) | 46574 |
| 700 1# - ASIENTO SECUNDARIO - NOMBRE PERSONAL | |
| Nombre personal | Nash, Stephen |
| Término de relación | ilustrador |
| 9 (RLIN) | 46575 |
| 700 1# - ASIENTO SECUNDARIO - NOMBRE PERSONAL | |
| 9 (RLIN) | 46573 |
| Nombre personal | Rueda, José Nicolás |
| Término de relación | autor |
| 942 ## - ELEMENTOS ADICIONALES (KOHA) | |
| Tipo de ítem | Libro |
| Sistema de clasificación | Dewey Decimal Classification |
| Withdrawn status | Lost status | Sistema de Clasificación | Damaged status | No para préstamo | Colección | Inventariado | Ubicación Permanente | Ubicación actual | Fecha de adquisición | Fuente de Valor | Valor | Total Checkouts | Número topográfico | Inventario / Código de Barras | Date last seen | Ejemplar | Price effective from | Tipo de material |
|---|---|---|---|---|---|---|---|---|---|---|---|---|---|---|---|---|---|---|
| Dewey Decimal Classification | General | Inventariado 2017 | Bogotá | Bogotá | 29/01/2008 | Instituto | 39000.00 | LB-597.98 R91t | 025681 | 04/12/2012 | Ej.1 | 04/12/2012 | Libro | |||||
| Dewey Decimal Classification | General | Inventariado 2017 | Sala Fabio Quevedo | Sala Fabio Quevedo | 30/07/2009 | Instituto | 39000.00 | LB-597.98 R91t | 027380 | 04/12/2012 | Ej.2 | 04/12/2012 | Libro |